La dignidad del coraje
I tiakina i:
| Kaituhi matua: | |
|---|---|
| Hōputu: | Pukapuka |
| Reo: | Pāniora |
| I whakaputaina: |
Bogotá
Instituto Caro y Cuervo
1998
|
| Rangatū: | Colección El Alamo y El Ciprés, 2
|
| Ngā marau: | |
| Ngā Tūtohu: |
Tāpirihia he Tūtohu
Kāore He Tūtohu, Me noho koe te mea tuatahi ki te tūtohu i tēnei pūkete!
|
MARC
| LEADER | 00000nam a2200000 a 4500 | ||
|---|---|---|---|
| 001 | UCP9227 | ||
| 003 | CL-VaPUC | ||
| 008 | 000324e19980000CK |||||||||||||||||spa|d | ||
| 082 | 0 | 4 | |a Co864 |b ZUB |2 21 |
| 100 | 0 | |a Zubiría, Ramón de |e author |9 439658 | |
| 245 | 1 | 3 | |a La dignidad del coraje |
| 300 | |a 292 p | ||
| 942 | |c BK | ||
| 945 | |d 20000324 00:00:00 |a rbrito | ||
| 260 | |a Bogotá |b Instituto Caro y Cuervo |c 1998 | ||
| 650 | 7 | |a ENSAYOS COLOMBIANOS |2 CL-VaPUC |9 344240 | |
| 583 | |a last modification |c 20000324 00:00:00 |k Rodrigo Vera | ||
| 490 | 0 | |a Colección El Alamo y El Ciprés, 2 | |
| 999 | |c 286064 |d 286062 | ||
| 952 | |0 0 |1 0 |4 0 |6 CO_864_000000000000000_ZUB_1998 |7 0 |8 A |9 331335 |a BIBEDU |b BIBEDU |d 2019-11-20 |i 3577708 |o Co864 ZUB 1998 |p 3577708 |r 2019-11-20 |w 2019-11-20 |y BK |k LIT | ||
| 952 | |0 0 |1 0 |4 0 |6 CO_864_000000000000000_ZUB_1998 |7 0 |8 A |9 331336 |a BIBEDU |b BIBEDU |d 2019-11-20 |i 3579611 |o Co864 ZUB 1998 |p 3579611 |r 2019-11-20 |w 2019-11-20 |y BK |k LIT | ||